000 00866cam a22002894i 4500
001 17855582
003 OSt
005 20250417103335.0
008 130816s2014 njua 001 0 eng
010 _a 2013033542
020 _a9781119666141
020 _a9781118474228
040 _aDLC
_beng
_cKCST
042 _apcc
050 0 0 _aQA184.2
_b.A58 2014
082 0 0 _a512.5
_223
_bAn El
100 1 _aAnton, Howard,
_eauthor.
_94700
245 1 0 _aElementary linear algebra :
_bapplications version /
_cHoward Anton, Chris Rorres, Anton Kaul
250 _a12th
_bEMEA edition
260 _aHoboken, NJ :
_bJohn Wiley & Sons Inc.,
_c2019.
300 _aVarious p.
_billustrations ;
_c26 cm.
500 _aIncludes index.
650 0 _aLinear algebra
_vTextbooks.
_94944
700 1 _aRorres, Chris,
_eauthor.
_94702
710 _aKaul, Anton
_95644
942 _2ddc
_cBK
999 _c795
_d795